00658 2200205 4500001002100000008004100021035002000062245011200082100002000194700001800214260004400232300002700276020002200303084001400325520003600339082000800375650001900383863003800402990001200440INLIS000000000015795 ind  a0010-0323000243 aAn Illustrated BiographybGeorge SoroscKaoru Kurotani; alih bahasa, Marianto Samosir; editor, Yulian Masda aKUROTANI, Kaoru aYULIAN, Masda aJakarta :bElex Media Komputindo,c2019 a185 hal.: ilus.c21 cm a978-979-27-2880-4 a920 KUR i aJudul asli : Manga George Soros a920 aBIOGRAFI-KOMIK aSeri Tokoh Dunia Bisnis Investasi a10469 a